| 000 | 01368cam a2200241 4500 | ||
|---|---|---|---|
| 001 | ##L132365 | ||
| 008 | 060125n2003 000 0 eng u | ||
| 020 | _a1903287324 | ||
| 035 | _a(Sirsi) u132365 | ||
| 041 | 0 | _aeng | |
| 050 | 0 | 4 | _a729.28 $2 18 |
| 110 | 2 |
_aThe Chartered Institution of Building Services Engineers _94877 |
|
| 245 | 0 | 0 |
_aLighting _bCIBSE commissioning code L |
| 260 |
_aLondon _bCIBSE _c2003 |
||
| 300 |
_a25p _c30cm. |
||
| 350 | _a43 | ||
| 520 | _aProvides recommendations and guidance on current standards of good commissioning practice for effective operation of interior lighting systems. Discusses the commissioning of project management, pre-commissioning checks, commissioning itself, system handover and post-occupancy checks. Appendices contain hypothetical examples of lighting commissioning, checklists for the commissioning of lighting systems, an example commissioning statement for a lighting system with automatic controls, sample completion certificates, checklist of safety issues and notes concerning the design of lighting and lighting control systems. | ||
| 650 | 2 | 4 | _aBUILDING REGULATIONS 2000 APPROVED DOCUMENT L2 (2002 EDITION) |
| 690 | _aBUILT ENVIRONMENT-BUILDING ELEMENTS-COMPLETE BUILDING SERVICES ELEMENTS-COMPLETE LIGHTING SYSTEMS | ||
| 700 | 1 | _aGraves, Hilary | |
| 700 | 1 | _aPhillipson, Peter | |
| 942 | _n0 | ||
| 999 |
_c105107 _d105107 |
||